000
00256nam a2200097Ia 4500
005
20251222114351.0
008
251222s1900||||xx |||||||||||||| ||spa||
082
_a
DVD0010/S84/2005
245
0
_a
El Ășltimo tren a Gun Hill:Last Train From Gun Hill
942
_c
DVD
999
_c
1237
_d
1237